00715nam a2200229 a 4500001001300000003000900013005001700022008004100039020002200080082001600102100003400118245004700152260004100199300001000240500003500250650001900285700003400304902000800338942000700346952011500353999001700468nice12345678IN_TiNIC20260116014147.0140218s2009 dela grp 000 0 eng  a8171012965 c7500a297.4bGIL3 aGilani, Muhyuddin Abdul Qadir aFutuh Al-Ghaibb Revelations in the Unseen aDelhibIdara Ishaat-E-diniyat c2009 a167p  aincludes index and biblioraphy aSufism-Jeelani1 aGilani, Muhyuddin Abdul Qadir bSRS cBK 001040708StackRoom-aHMIbHMId2014-02-18g75.00l0o297.4 GIL3p024396r2014-02-18v75.00w2014-02-18yBK c14133d14133